|
|
|
|
| LEADER |
00000ny a22000003n 4500 |
| 005 |
2011062007557.0 |
| 006 |
m u |
| 007 |
cr cn||||||||| |
| 008 |
200806r20072008sp |||||s|||||||||||spa d |
| 020 |
|
|
|a 9788498490992
|
| 035 |
|
|
|a 2304
|
| 040 |
|
|
|a FlNmELB
|c FlNmELB
|d vlex
|
| 050 |
1 |
4 |
|a JC571
|b A844 2007eb
|
| 080 |
|
|
|a 342.7
|
| 090 |
|
|
|c 1384
|d 1384
|
| 100 |
1 |
|
|a Ass̕, Rafael de
|
| 245 |
1 |
0 |
|a Derechos humanos y situaciones de dependencia
|h [Recurso electrn̤ico]
|c Rafael de Ass̕, Agustina Palacios
|
| 256 |
|
|
|a Servicio en ln̕ea
|
| 260 |
|
|
|a Madrid :
|b Dykinson,
|c [2007]
|
| 300 |
|
|
|a [5]-84 p
|
| 506 |
1 |
|
|a Contenido solo disponible en los productos indicados
|d vLex Global
|d vLex Global (Academic Edition, excluding Law Schools)
|d vLex Global (U.S. Academic Edition, Law Schools)
|d vLex Global (U.S. Academic Edition, excluding Law Schools)
|d vLex Global (Academic Edition, Law Schools)
|
| 650 |
0 |
7 |
|a Derechos humanos
|2 Tesauro vLex
|
| 650 |
0 |
7 |
|a Constitucional
|2 Tesauro vLex
|
| 700 |
1 |
|
|a Palacios, Agustina,
|e aut
|
| 740 |
0 |
|
|a vLex Libros (Servicios en ln̕ea)
|
| 856 |
4 |
0 |
|u http://vlex.com/source/2304
|z Acceso restringido
|
| 942 |
|
|
|c BOOK
|